000 01266nam a2200349 i 4500
003 EG-GICUC
005 20260121101429.0
008 251204s1997 ua ||||fr|||| 00| 0 ara d
017 _a1997/10797
020 _a9770421154
040 _a EG-GICUC
_bara
_c EG-GICUC
_d EG-GICUC
_erda
041 0 _aara
082 0 4 _221
_a343.425062
_bش ر . ج
092 0 4 _221
099 _aLaw1 10 343.425062 ش ر . ج 2 ed - 1997
100 0 _aشريف سيد كامل
_eمؤلف.
245 1 0 _aجرائم الصحافة فى القانون المصرى /
_cتأليف الدكتور شريف سيد كامل.
250 _aالطبعة الثانية،
264 1 _aالقاهرة :
_bدار النهضة العربية،
_c1994.
300 _a429 صفحة ؛
_c24 سم.
336 _2rda content
_atext
337 _2rda media
_aComputer
338 _2rda carrier
_aOnline Resource
504 _aيشتمل على ارجاعات ببليوجرافية.
546 _aالنص باللغة العربية
650 1 4 _aالتشريعات المتعلقة بالصحافة
650 1 4 _aالقانون الجنائي
651 1 _2qrmak
856 4 0 _uhttps://fll.law.cu.edu.eg/fulltext/bks/B10-06611.pdf
905 _a77
_eHassnaa
942 _2ddc
_n0
_cBK
_e21
999 _c48303
_d48303